Televisión, globalización e identidades culturales / (Record no. 205964)

MARC details
000 -CABECERA
campo de control de longitud fija 00838cam a2200265 a 4500
003 - IDENTIFICADOR DEL NÚMERO DE CONTROL
campo de control UPN
005 - FECHA Y HORA DE LA ÚLTIMA TRANSACCIÓN
campo de control 20240910063657.0
008 - ELEMENTOS DE LONGITUD FIJA--INFORMACIÓN GENERAL
campo de control de longitud fija 191105s2003 sp fr 001 0 spa d
020 ## - NÚMERO INTERNACIONAL NORMALIZADO PARA LIBROS
Número Internacional Estándar del Libro 8449313961
035 ## - NÚMERO DE CONTROL DEL SISTEMA
Número de control de sistema UPN01000233869
040 ## - FUENTE DE LA CATALOGACIÓN
Centro catalogador/agencia de origen MX-MxUPN
Lengua de catalogación spa
Centro/agencia transcriptor MX-MxUPN
050 14 - SIGNATURA TOPOGRÁFICA DE LA BIBLIOTECA DEL CONGRESO
Número de clasificación PN1992.6
Número de documento/Ítem B3.7
100 1# - ASIENTO PRINCIPAL--NOMBRE PERSONAL
Nombre de persona Barker, Chris,
Fechas asociadas al nombre 1955-
9 (RLIN) 44472
245 10 - MENCIÓN DE TÍTULO
Título Televisión, globalización e identidades culturales /
Mención de responsabilidad, etc. Chris Barker.
260 ## - PUBLICACIÓN, DISTRIBUCIÓN, ETC.
Lugar de publicación, distribución, etc. Barcelona :
Nombre del editor, distribuidor, etc. Paidós,
Fecha de publicación, distribución, etc. 2003.
300 ## - DESCRIPCIÓN FÍSICA
Extensión 313 páginas
490 ## - MENCIÓN DE SERIE
Mención de serie Paidós comunicación ;
Designación de volumen o secuencia 143
500 ## - NOTA GENERAL
Nota general Título original: Television, globaliZation and cultural identities.
650 14 - ASIENTO SECUNDARIO DE MATERIA - TERMINO TEMATICO
Término de materia o nombre geográfico como elemento de entrada Televisión
Subdivisión general Aspectos sociales
9 (RLIN) 21618
650 14 - ASIENTO SECUNDARIO DE MATERIA - TERMINO TEMATICO
Término de materia o nombre geográfico como elemento de entrada Identidad cultural
9 (RLIN) 9165
650 14 - ASIENTO SECUNDARIO DE MATERIA - TERMINO TEMATICO
Término de materia o nombre geográfico como elemento de entrada Cultura y globalización
9 (RLIN) 22100
905 ## - TIPO DE MATERIAL
Tipo de material Libro
942 ## - ELEMENTOS DE PUNTO DE ACCESO ADICIONAL (KOHA)
Fuente del sistema de clasificación o colocación Library of Congress Classification
Tipo de ítem Koha Libro
Holdings
Estado de retiro Estado de pérdida Fuente del sistema de clasificación o colocación Estado dañado No para préstamo Código de colección Localización permanente Ubicación/localización actual Ubicación en estantería Fecha de adquisición Total de préstamos Clasificación Código de barras En préstamo Fecha visto por última vez Fecha del último préstamo Tipo de ítem Koha
    Library of Congress Classification     Colección General Bib. Gregorio Torres Quintero Bib. Gregorio Torres Quintero Planta baja 20/05/2022 2 PN1992.6 B3.7 333527 08/07/2025 24/06/2025 24/06/2025 Libro